| 000 | 00749nam a2200181 a 4500 | ||
|---|---|---|---|
| 008 | 160425s2013 ||||||||||||||||| || u | ||
| 020 | _a9780415710862 | ||
| 050 | _aHD 70.G7 Whi | ||
| 100 | _aWhittington, Richard | ||
| 245 | 1 | 0 |
_aCorporate strategies in recession and recovery: social structure and strategic choice _cBy Richard Whittington |
| 260 |
_aBoston _bRoutledge _c2013 |
||
| 300 | _aix, 325p. : ill. | ||
| 350 | _a48.95 | ||
| 650 | _aINDUSTRIAL MANAGEMENT -- GREAT BRITAIN | ||
| 650 | _aSTRATEGIC PLANNING -- GREAT BRITAIN | ||
| 650 | _aBUSINESS CYCLES -- GREAT BRITAIN | ||
| 995 |
_FCBU-MAIN LIBRARY (Kitwe) _I48.95 _M1 _UAVAILABLE _WMay 5, 2016 _ZMain Library Open Access Collection |
||
| 999 |
_c38921 _d38921 |
||